| 000 | 00468nam a2200157 a 4500 | ||
|---|---|---|---|
| 001 | 000020760 | ||
| 005 | 20200930011145.0 | ||
| 008 | 100813s2015 dr 000 0 eng d | ||
| 020 | _a9789945084191 | ||
| 040 |
_aDO-SdBNP _bspa _cBNPHU |
||
| 082 |
_axxxxxxxx _bxxxxxxxx |
||
| 100 | 1 |
_aRodrÃguez Milton, Aura de _943517 |
|
| 245 | 1 | 0 |
_aMitos de una soltera / _cAura RodrÃguez de Milton. |
| 260 |
_aSanto Domingo : _bAmigo del hogar, _c2015. |
||
| 300 |
_a106 p. ; _c19 cm. |
||
| 999 |
_c20264 _d20264 |
||